000 00685nas a2200205 i 4500
001 187546
003 ES-MaACL
005 20250217134924.0
008 171121d18931894uy ar m | |spa d
022 _a9962-3110
110 1 _aUruguay.
_bMinisterio de Hacienda.
_97528
245 1 0 _aMemoria del Ministerio de Hacienda presentada a la Honorable Asamblea General :
_bcomprende el ejercicio económico de...
260 _aMontevideo :
_b[Ministerio de Hacienda,
_c1893-1894]
300 _a1 v. ;
_c29 cm.
310 _aAnual
610 1 4 _aUruguay.
_bMinisterio de Hacienda-
_vMemorias.
_9163822
852 4 _aES-MaACL
_jT-783-F-3
866 0 _o1893-94.
999 _c187546
_d187546